Agronomy of the major tropical crops (Record no. 35304)

MARC details
000 -LEADER
fixed length control field 00577nam a2200217Ia 4500
082 ## - DEWEY DECIMAL CLASSIFICATION NUMBER
Classification number 631/635:633(213.5)
Item number WIL;1
100 ## - MAIN ENTRY--AUTHOR NAME
Personal name WILLIAMS, C N
245 #0 - TITLE STATEMENT
Title Agronomy of the major tropical crops
260 ## - PUBLICATION, DISTRIBUTION, ETC. (IMPRINT)
Place of publication London
Name of publisher Oxford
Year of publication 1975
490 ## - SERIES STATEMENT
Series statement Oxford in Asia college texts
650 ## - SUBJECT ADDED ENTRY--TOPICAL TERM
Topical Term Agriculture
650 ## - SUBJECT ADDED ENTRY--TOPICAL TERM
Topical Term Field crops
650 ## - SUBJECT ADDED ENTRY--TOPICAL TERM
Topical Term Rubber botany
650 ## - SUBJECT ADDED ENTRY--TOPICAL TERM
Topical Term Rubber climate
650 ## - SUBJECT ADDED ENTRY--TOPICAL TERM
Topical Term Rubber diseases
650 ## - SUBJECT ADDED ENTRY--TOPICAL TERM
Topical Term Rubber planting
650 ## - SUBJECT ADDED ENTRY--TOPICAL TERM
Topical Term Rubber tapping
650 ## - SUBJECT ADDED ENTRY--TOPICAL TERM
Topical Term Tropical crops
942 ## - ADDED ENTRY ELEMENTS (KOHA)
Koha item type Books
Holdings
Withdrawn status Lost status Damaged status Not for loan Home library Current library Date acquired Full call number Accession Number Koha item type
        RRII Library RRII Library 16/12/2021 631/635:633(213.5) WIL;1 15730 Books